عرض عادي
عرض مارك
- Biosynthesis
مدخل مصطلح موضوعي
001 - رقم الضبط
- حقل الضبط: 37444
003 - معرف رقم الضبط
- حقل الضبط: OSt
005 - تاريخ ووقت أخر عملية
- حقل الضبط: 20131001151531.0
008 - عناصر بيانات ثابتة الطول
- حقل تحكم ثابت الطول: 131001|||a|||||| | ||| d
040 ## - مصدر الفهرسة
- هيئة الفهرسة الأصلية: OSt
- وكالة الكتابة: OSt
150 ## - مدخل-- مصطلح تاريخي
- عنصر مدخل المصطلح الموضوعي او الاسم الجغرافي: Biosynthesis
670 ## - بيانات المصدر موجوده
- الاستشهاد بالمصدر: Work cat.: (OSt)31048: Manitto, Paolo. 37443, Biosynthesis of natural products /, 2010.
